000
00176nam a22000977a 4500
003
SGT
245
_a
Journal of Orthodontics
260
_c
2006
300
_a
309
942
_2
ddc
_c
BV
999
_c
27830
_d
27830